| 000 | 01401cam a2200325 a 4500 | ||
|---|---|---|---|
| 999 |
_c48124 _d48124 |
||
| 001 | 1979655 | ||
| 003 | Nust | ||
| 005 | 20170110094353.0 | ||
| 008 | 890425s1990 nyubf 000 1 eng | ||
| 010 | _a 89007939 | ||
| 020 |
_a9781857230765 (pbk) _c$24.95 |
||
| 040 |
_aDLC _cDLC _dDLC |
||
| 050 | 0 | 0 |
_aPS3560.O7617 _bE94 1990 |
| 082 | 0 | 0 |
_a813.54 _bJOR |
| 100 | 1 |
_aJordan, Robert, _d1948-2007. |
|
| 245 | 1 | 4 |
_aThe eye of the world / _bBook one of the wheel of time. |
| 250 | _a1st ed. | ||
| 260 |
_aNew York : _bT. Doherty Associates, _c1990. |
||
| 300 |
_axiv, 814 p. _bmaps ; _c24 cm. |
||
| 490 | 1 |
_a[The wheel of time ; _vbk. 1] |
|
| 490 | 0 | _aTOR fantasy | |
| 500 | _a"A TOR book"--T.p. verso. | ||
| 650 | 0 |
_aRand al'Thor (Fictitious character) _vFiction. |
|
| 655 | 7 |
_aFantasy fiction. _2gsafd |
|
| 800 | 1 |
_aJordan, Robert, _d1948-2007. _tWheel of time ; _vbk. 1. |
|
| 856 | 4 | 2 |
_3Publisher description _uhttp://www.loc.gov/catdir/description/hol054/89007939.html |
| 856 | 4 | 2 |
_3Contributor biographical information _uhttp://www.loc.gov/catdir/enhancements/fy0733/89007939-b.html |
| 906 |
_a7 _bcbc _corignew _d1 _eocip _f19 _gy-gencatlg |
||
| 942 |
_2ddc _cBK |
||